000 00483nam a2200217 454500
001 037160
003 BD-ChCU
008 Eng
020 _ax
040 _aDLC
_cDLC
_dBD-ChCU
082 0 0 _a181.9/B419p
100 1 _aBehishti
_bBahonar
245 1 0 _aPhilosophy of Islam
_bx
250 _ax
260 _aAccra ; London
_bIslamic Seminary
_c1982
300 _a576
504 _ax
650 0 _aIslamic philosophy
_bIslamic philosohy
700 1 _ax
942 _2ddc
_cBK
999 _c37160
_d37160